000 00466nam a2200205Ia 4500
001 13332
003 GE_BSU
008 181216s||||||||xx |||||||||||||| ||und||
020 _a9780007879403
040 _cGE_BSU
080 _a821.111-312.4
100 _aMcDermid,Val.
245 _aKilling the Shadows.
260 _aLondon.
260 _bHarper Collins Publishers.
260 _c2000
300 _a604p;18cm.
653 _aKilling the Shadows.
942 _cBK
999 _c46493
_d46493